000 00683nam a2200241 i 4500
001 C2-0257357
003 PPAK
005 20180727224350.0
008 040817s2000 my |||| ||||| | may d
020 _a9830982378
040 _aPPAK
_beng
_cPPAK
_erda
082 0 4 _a297.577
_223
090 0 0 _a297.577
_bAHM
_dG
100 0 _aSyeikh Ahmad Faisol b. Haji Omar,
_eauthor
245 1 0 _aHitam putih poligami
264 1 _aBatu Caves, Selangor :
_bPustaka Ilmi ,
_c2000
300 _aviii, 138 pages ;
_c21 cm
336 _2rdacontent
_atext
337 _2rdamedia
_aunmediated
338 _2rdacarrier
_avolume
650 1 0 _aPolygamy - Religious aspects - Islam.
942 _ddc
_cB
999 _c69216
_d69216